000 00481nam a2200145 4500
001 144545
003 ES-MaACL
005 20230906201038.0
007 t|
008 070214s1913 sp r ||||1| spa d
100 1 _aSimancas Señán, Juan de Dios.
_9106456
245 1 0 _aHeridas producidas por armas cortas de fuego
_b: tesis doctoral /
_cJuan de Dios Simancas Señán.
260 _aGranada :
_b[s.n.],
_c1913 (
_fTip. de Paulino Ventura Traveset)
852 _aES-MaACL
_jT-1364-F-3
999 _c144545
_d144545